00377nam a2200145Ia 4500008004100000020001800041041000800059082001300067100001100080245006800091250001100159260004100170300000900211700001100220230125s9999 xx 000 0 und d a9788184954029 aeng a613bRUI aRuia M aWho Stole My Calories?bA Health & Fitness Novel Like No Other! aEd.1st c2017bJaico Publishing HouseaMumbai a217p aRuia M